Регионална библиотека "Любен Каравелов" - Русе

Машинни елементи (Запис номер 22874)

MARC детайли
000 -Лидер
Контролно поле с фиксирана дължина 01480nam a2200325 c 4500
003 - Код на организацията, давaща контролен номер
Контролно поле BLK
005 - Дата и час на последна редакция
Контролно поле 20180420215816.0
008 - Елементи от данни с фиксирана дължина
fixed length control field 180413b bul|||||r ||||||| ||bul||
010 ## - Наследен системен номер
LC control number KNG00025325000
020 ## - Международен стандартен номер на книга ISBN
Международен стандартен номер на книга ISBN 954-712-015-8
-- издат.: Русенски унив. А. Кънчев
040 ## - Източник на каталожния запис
Идентификатор на билиотеката - собственик на записа BLK
041 ## - Код за език
Код за езика на текст/звукозапис или на отделно заглавие Български
Код за езика КДБФ Български
080 ## - УДК
Текстов определител УДК Машинни елементи. Общи въпроси. Вж и 531.8 ; 62-1/-9
УДК код - определител по УДК 621.81
УДК определител (075.8)
УДК - код + определител 621.81(075.8)
100 1# - Редна дума - Автор
Автор Ненов, Петър
Авторска отговорност първи автор
R(LIN) 266741
139 ## - Редно поле
Редна дума Машинни елементи
Авторски знак Мач - М 42
245 10 - Сведения за заглавието
Заглавие Машинни елементи
Подзаглавни данни Лаб. упражнения : [За студентите от Русенски унив. Ангел Кънчев]
Редно поле (дума) Петър Ненов.
257 ## - Страна на издаване
Страна на създаване/издаване България
260 ## - Област на издателските данни
-- Русе
Име на издателя, разпространителя и проч. Русенски унив. А. Кънчев
Година на издаване 1998
300 ## - Физическа характеристика
Страници 80 с.
Илюстрации и др. със сх., табл.
Размери/Мащаб 21 см
380 ## - Жанр
Жанр Техника
500 ## - Общи забележки
Забележка Други авт.: И. Спасов, Д. Андреев, С. Черешаров, П. Стаматов, Е. Ангелова ; Първият авт. е известен като Петър Ненов Петров ; 500 тир
650 #4 - Допълнително описание по предмет – тема
Основно описание – тема или топоним Машинни елементи
9 (RLIN) 257292
653 ## - Ключова дума – ненормативна
Ключова дума машинни елементи
653 ## - Ключова дума – ненормативна
Ключова дума учебници за ВУЗ
852 ## - Местоположение
Форматна сигнатура Цб 198975
856 4# - Електронен адрес и достъп
Електронен формат pdf - файл
Път до файла /url/
856 4# - Електронен адрес и достъп
Електронен формат pdf - файл
Път до файла /url/
942 ## - АРТИКУЛИ
Вид на библиотечния материал Книги
Скрит в OPAC Не
944 ## - СЪЗДАВАНЕ И РЕДАКЦИЯ на ЗАПИСА
Създаване/Редакция Създаване
Дата на регистрацията/редакция 15.01.2003
Служител, извършил регистрацията/редакцията Цветанка_Енчева
944 ## - СЪЗДАВАНЕ И РЕДАКЦИЯ на ЗАПИСА
Създаване/Редакция Редакция
Дата на регистрацията/редакция 07.08.2003
Служител, извършил регистрацията/редакцията
999 ## - СИСТЕМНИ КОНТРОЛНИ НОМЕРА
Koha biblionumber 22874
Koha biblioitemnumber 22874
Наличности
Код за отписване Код за изгубен артикул Източник на класификационната схема Код за повреда Коз за рестрикции Код за отдаване Артикулен № Име на библиотеката - собственик Име на библиотеката, в която се намира в момента Статус (Текущо местоположение) Дата на вписване в системата Местоположение - отдел Цена в лева Инвентарен номер Систематично азбучна сигнатура Баркод Номер на екземпляра Цена в евро Служебна бележка Служебен тип на артикула
  Не е изгубен Universal Decimal Classification Не е повреден без рестрикции ползва се в читалня 37715 Регионална библиотека "Любен Каравелов" Русе Регионална библиотека "Любен Каравелов" Русе Хранилище 2001-01-01 Хранилище 0.00 645323 Цб 198975 120000645323 1 0.00 Дост: Dp Вид: Д N: стар фонд Дата: 01.01.2001 Книги
Изтеглен Не е изгубен Universal Decimal Classification Не е повреден без рестрикции заемане за дома 37716 Регионална библиотека "Любен Каравелов" Русе Регионална библиотека "Любен Каравелов" Русе Заемна - подръчен фонд 2003-07-23 Заемна - подръчен фонд 2.00 120000677848 П 621.8/М 42 120000677848 2 1.02 Дост: DA Вид: А N: 21 Дата: 23.07.2003 Дата инв: 06.02.2018 Бележки инв: П2018 Книги
Vip Innovations Ltd, Rousse, Bulgaria 2025